Psicología e higiene mental (Record no. 77355)

MARC details
000 -LEADER
campo de control de longitud fija 00821nam a2200241 i 4500
001 - NÚMERO DE CONTROL
campo de control 77355
003 - IDENTIFICADOR DE NÚMERO DE CONTROL
campo de control ES-MaACL
005 - FECHA Y HORA DE LA ÚLTIMA TRANSACCIÓN
campo de control 20250822032135.0
007 - CAMPO FIJO DE DESCRIPCIÓN FÍSICA--INFORMACIÓN GENERAL
campo de control de longitud fija t|
008 - DATOS DE LONGITUD FIJA--INFORMACIÓN GENERAL
campo de control de longitud fija 041008s1952 sp ||||1| spa d
080 ## - NÚMERO DE LA CLASIFICACIÓN DECIMAL UNIVERSAL
Número de la Clasificación Decimal Universal 616.89:613:86
100 1# - ENTRADA PRINCIPAL--NOMBRE DE PERSONA
Nombre de persona Hadfield, J. A.
9 (RLIN) 61409
245 10 - MENCIÓN DEL TÍTULO
Título Psicología e higiene mental
Resto del título : contribución al conocimiento de la psicología de las edades /
Mención de responsabilidad, etc. J.A. Hadfield ; prólogo de R. Alberca Lorente ; versión española de R. de Vera.
250 ## - MENCION DE EDICION
Mención de edición 1ª ed.
260 ## - PUBLICACIÓN, DISTRIBUCIÓN, ETC.
Lugar de publicación, distribución, etc. Madrid :
Nombre del editor, distribuidor, etc. Morata,
Fecha de publicación, distribución, etc. 1952 (
Fabricante Osca)
300 ## - DESCRIPCIÓN FÍSICA
Extensión 597 p. ;
Dimensiones 22 cm.
650 07 - PUNTO DE ACCESO ADICIONAL DE MATERIA--TÉRMINO DE MATERIA
Término de materia o nombre geográfico como elemento de entrada Psicología evolutiva
Fuente del encabezamiento o término embne
9 (RLIN) 16563
650 07 - PUNTO DE ACCESO ADICIONAL DE MATERIA--TÉRMINO DE MATERIA
Término de materia o nombre geográfico como elemento de entrada Salud mental
Fuente del encabezamiento o término embne
9 (RLIN) 16972
700 1# - ENTRADA AGREGADA--NOMBRE PERSONAL
Nombre de persona Alberca Lorente, Román.
9 (RLIN) 19266
700 1# - ENTRADA AGREGADA--NOMBRE PERSONAL
Nombre de persona Vera, R. de.
9 (RLIN) 113951
852 ## - LOCALIZACIÓN
Ubicación ES-MaACL
Número de control de estantería D-8119
Holdings
Estatus retirado Estado de pérdida Estado de daño No para préstamo Biblioteca de origen Biblioteca actual Ubicación en estantería Fecha de adquisición Fuente de adquisición Total de préstamos Signatura topográfica completa Código de barras Visto por última vez Precio de reemplazo Tipo de ítem Koha
        Biblioteca del Ateneo de Madrid Biblioteca del Ateneo de Madrid Sala Valle Inclán 17/01/2008     D-8119 901080936 23/02/2023 23/02/2023 Libro impreso